プロ野球スピリッツA【プロスピA】の外国人選手 (中日ドラゴンズ) - Statistics

General Stats
  • This quiz has been taken 114 times
    30 since last reset
  • The average score is 18 of 35
Answer Stats
選手名 % Correct
野手(OB) タイロン・ウッズ
84%
野手 A.マルティネス
84%
野手 D.ビシエド
84%
投手(OB) J.ロドリゲス
84%
野手 O.カリステ
84%
投手 R.マルティネス
84%
投手 Y.マルテ
84%
投手 Y.ロドリゲス
84%
野手 Z.アルモンテ
79%
野手(OB) A.ゲレーロ
68%
投手 H.メヒア
68%
野手 J.ボスラー
68%
野手(OB) アレックス
53%
投手(OB) 宣銅烈
53%
野手 A.アキーノ
53%
野手 A.エルナンデス
53%
野手 H.ルナ
53%
投手(OB) サムソン・リー
42%
野手 A.ディカーソン
42%
投手 E.ロメロ
42%
野手 M.ガーバー
42%
投手 O.ガルシア
42%
投手 R.バルデス
42%
野手 R.ナニータ
42%
野手 S.モヤ
42%
投手(OB) 郭源治
37%
投手(OB) E.ギャラード
37%
投手(OB) J.ソーサ
37%
投手 ジョーダン・ノルベルト
32%
野手(OB) A.パウエル
32%
投手 E.アラウホ
32%
野手(OB) L.ゴメス
32%
投手(TS) チェン・ウェイン
26%
投手 L.ゴンザレス
16%
投手(OB) M.バンチ
11%
No matching quizzes found
Score Distribution
Percent of People with Each Score
Percentile by Number Answered
Your Score History
You have not taken this quiz since the last reset